| 000 | 00333nam a22001217a 4500 | ||
|---|---|---|---|
| 008 | 150518b xxu||||| |||| 00| 0 eng d | ||
| 020 | _a9780073376707 (hard copy : alk. paper) | ||
| 020 | _a0073376701 (hard copy : alk. paper) | ||
| 041 | 0 | _aeng | |
| 080 | _a551.46 | ||
| 245 | 1 | 3 | _aAn introduction to the world's oceans. |
| 942 |
_2udc _cBK |
||
| 999 |
_c814 _d814 |
||